000 00619nam a2200229Ia 4500
003 OSt
005 20220928102621.0
006 a|||||r|||| 00| 0
007 ta
008 220927b |||||||| |||| 00| 0 eng d
024 _a46413
037 _cTextual
040 _aSDCL
_cSDCL
_beng
041 _2eng
_aeng
082 _aO152,1M89:g, L8
100 _aSaxena Dwarika Prasad
_9399378
245 0 _aPrasad ka muktak-kavya
_b Lahar.
260 _aDelhi
_bKonark
_c1978
300 _a170p
_ccm.
942 _hO152,1M89:g, L8
_cTEXL
_2CC
999 _c715235
_d715235